Infecciones dentales y estado de salud general

El objetivo de este artículo es exponer los últimos hallazgos en el efecto que tienen las infecciones dentales sobre la salud en general.

Бібліографічні деталі
Автор: Meurman, Jukka H.
Співавтор: Quintessenz Verlags-GmbH
Формат: Стаття
Мова:Spanish
Предмети:

MARC

LEADER 000000sb a2200000 a 4500
005 20230308203930.0
008 999092| ||||||||r|||||||||||spa||
022 |a 0214-0985 
040 |b spa 
041 0 |a Es 
082 0 |a 617.605  |b 29797-3 
100 1 |a Meurman, Jukka H.  |9 279815 
245 |a Infecciones dentales y estado de salud general  |c Jukka H. Meurman  |h imp 
264 |a Barcelona  |b Doyma  |c 1999 
300 |a páginas: 177-181 
300 |b ilus. 
310 |a mensual 
362 |a xii; 3 
520 3 |a El objetivo de este artículo es exponer los últimos hallazgos en el efecto que tienen las infecciones dentales sobre la salud en general. 
650 1 |a Odontologia general  |9 277874 
650 1 |a Infecciones dentales  |9 279816 
650 1 |a Profilaxis antibiotica  |9 161278 
710 |a Quintessenz Verlags-GmbH 
773 0 |0 29797  |9 29797  |a Meurman, Jukka H. Quintessenz Verlags-GmbH  |d Barcelona Doyma 1999  |o 29797  |w 29797  |x 0214-0985  |t Quintessence: Publicación Internacional de Odontología  |6 29797 
852 |a UC-SALUD  |c HEMEROTECA  |f Compra  |k luis.contrerase  |l 1  |m General  |p 19990922  |q $ 73.10  |b 0  |d CDRS  |e CDRS  |g 617.605 29797-3 HEMEROTECA  |z 1999-90-92 
942 |c SERA 
999 |c 107343  |d 107343